|
|
|
|
| LEADER |
01060cam a2200265 7i4500 |
| 001 |
0000078331 |
| 005 |
20230622090000.0 |
| 020 |
|
|
|a 9783031289248 (electronic book)
|
| 090 |
0 |
0 |
|a QA76.642
|b .R38 2023
|
| 100 |
1 |
|
|a Rauber, Thomas
|
| 245 |
1 |
0 |
|a Parallel programming :
|b for multicore and cluster systems
|c Thomas Rauber, Gudula R<U+00fc>nger.
|
| 250 |
|
|
|a Third edition.
|
| 264 |
|
|
|a Cham:
|b Springer Nature Switzerland AG,
|c 2023.
|
| 300 |
|
|
|a 1 online resource (xiii, 554 pages):
|b illustrations (chiefly color), text file, PDF.
|
| 336 |
|
|
|a text
|2 rdacontent
|
| 337 |
|
|
|a computer
|2 rdamedia
|
| 338 |
|
|
|a online resource
|2 rdacarrier
|
| 650 |
|
0 |
|a Multiprocessors
|
| 650 |
|
0 |
|a Parallel programming (Computer science)
|
| 655 |
|
0 |
|a Electronic books
|
| 700 |
1 |
|
|a R<U+00fc>nger, Gudula
|
| 856 |
4 |
2 |
|u http://library.unisel.edu.my/web/guest/mylibrary
|
| 997 |
|
|
|a Communication, Visual Art & Computing, Faculty
|b Computing, Department
|
| 998 |
|
|
|a Computer Science (Software Engineering), Degree
|
| 999 |
|
|
|a EBO0020518
|b EBOOK
|c EBOOK
|e Electronic resources
|